FLUKE : Chance, chaos,and why everything we do matters (Record no. 41519)
[ view plain ]
| 000 -LEADER | |
|---|---|
| fixed length control field | 00433nam a22001697a 4500 |
| 005 - DATE AND TIME OF LATEST TRANSACTION | |
| control field | 20240907152957.0 |
| 008 - FIXED-LENGTH DATA ELEMENTS--GENERAL INFORMATION | |
| fixed length control field | 240823b |||||||| |||| 00| 0 eng d |
| 020 ## - INTERNATIONAL STANDARD BOOK NUMBER | |
| International Standard Book Number | 9781399804523 |
| 041 ## - LANGUAGE CODE | |
| Language code of text/sound track or separate title | english |
| 082 ## - DEWEY DECIMAL CLASSIFICATION NUMBER | |
| Item number | 33562 |
| 100 ## - MAIN ENTRY--PERSONAL NAME | |
| Author | Klaas Briian |
| 245 ## - TITLE STATEMENT | |
| Title | FLUKE : Chance, chaos,and why everything we do matters |
| 260 ## - PUBLICATION, DISTRIBUTION, ETC. | |
| Place | London |
| Publisher | John Murray press |
| Publication Year | 2024 |
| 365 ## - TRADE PRICE | |
| Price amount | 454 |
| Currency code | Rs. |
| 700 ## - ADDED ENTRY--PERSONAL NAME | |
| Co-Author | Tom holland |
| 942 ## - ADDED ENTRY ELEMENTS (KOHA) | |
| Koha item type | Books |
| Withdrawn status | Lost status | Source of classification or shelving scheme | Damaged status | Not for loan | Home library | Current library | Shelving location | Accession Date | Price | Bill number | Total Checkouts | Full call number | Barcode No | Date due | Date last seen | Date last checked out | Bill Date | Koha item type |
|---|---|---|---|---|---|---|---|---|---|---|---|---|---|---|---|---|---|---|
| Library of Congress Classification | IMTN | IMTN | Rack 1-B | 08/23/2024 | 454.00 | HYD8-124521 | 2 | 123.3 KLA | 33562 | 03/10/2025 | 09/07/2024 | 09/07/2024 | Books |